Top 14 Top 4 - Statistics

General Stats
  • This quiz has been taken 59 times
    49 since last reset
  • The average score is 26 of 61
Answer Stats
Team % Correct
Stade toulousain
97%
RC Toulon
94%
ASM Clermont
90%
Racing 92
90%
SOE Toulouse
90%
Stade rochelais
90%
Toulouse olympique
90%
Union Bordeaux Bègles
90%
Véto-Sports Toulousain
90%
Montpellier HR
87%
Section paloise
87%
Lyon OU
84%
Stade français Paris
84%
USA Perpignan
84%
Biarritz olympique
81%
Castres olympique
81%
CA Bègles-Bordeaux
74%
CA Brive
74%
Stade bordelais
74%
Aviron bayonnais
71%
FC Lyon
68%
Sport Athlétique Bordelais
68%
SU Agen
65%
AS Béziers
61%
FC Grenoble
61%
Stade montois
55%
RC Narbonne
45%
US Dax
45%
AS Carcassonne
42%
CASG Paris
42%
Paris université club
42%
US Montauban
42%
RRC Nice
35%
US Colomiers
35%
CS Bourgoin-Jallieu
32%
Stadoceste tarbais
29%
FC Lourdes
26%
Valence sportif
19%
La Voulte sportif
10%
Le Havre ACR
6%
SC Mazamet
6%
SO Chambéry
6%
US Carmaux
6%
US Le Mans
6%
CS Vienne
3%
FC Lézignan
3%
International Athletic Club
3%
SC Graulhet
3%
SCUF
3%
Stade bagnérais
3%
Stade Pézenas
3%
US Cognac
3%
US Quillan
3%
Vélo Sport Chartres
3%
CA Académie Julian
0%
Cercle pédestre d'Asnières
0%
Ligue Athlétique
0%
Olympique
0%
Stade lavelanétien
0%
US Fumel
0%
US Romans
0%
No matching quizzes found
Score Distribution
Percent of People with Each Score
Percentile by Number Answered
Your Score History
You have not taken this quiz since the last reset